00375nam a22001457a 4500003000500000020000800005038001100013082001700024100002600041245003600067260004200103300001200145880004500157880002700202NUST qH/B awaseem a891.421bOJA aOjala, Rashpaal Singh aShikraa /cRashpaal Singh Ojala aLahore :bHaji Hanif and sons,c1999. a62 p. ; 6100-01\raرشپال سنگھ اوجلا 6245-02\raشِکرا /